Historia diplomática de Santo Domingo: 1492-1861
Guardat en:
| Autor principal: | |
|---|---|
| Format: | Llibre |
| Idioma: | espanyol |
| Publicat: |
Santo Domingo
Universidad Nacional Pedro Henríquez Ureña
1973
|
| Col·lecció: | Colección Textos Universitarios, 1
|
| Matèries: | |
| Etiquetes: |
Afegir etiqueta
Sense etiquetes, Sigues el primer a etiquetar aquest registre!
|
MARC
| LEADER | 00000nam a2200000 a 4500 | ||
|---|---|---|---|
| 001 | UCO1171 | ||
| 003 | CL-VaPUC | ||
| 008 | 000512e19730000dr |||||||||||||||||spa|d | ||
| 082 | 0 | 4 | |a 972.93 |b PER |2 21 |
| 100 | 0 | |a Pérez, Carlos Federico |e author |9 443044 | |
| 245 | 1 | 0 | |a Historia diplomática de Santo Domingo: 1492-1861 |
| 300 | |a 445 p | ||
| 942 | |c BK | ||
| 945 | |d 20000512 00:00:00 |a crobeson | ||
| 260 | |a Santo Domingo |b Universidad Nacional Pedro Henríquez Ureña |c 1973 | ||
| 650 | 0 | |a Historia |9 255047 | |
| 650 | 0 | |a Historia diplomática |9 314834 | |
| 650 | 7 | |a DESCUBRIMIENTO DE AMERICA |2 CL-VaPUC |9 443045 | |
| 650 | 7 | |a COLONIA |2 CL-VaPUC |9 443046 | |
| 650 | 0 | |a Independencia |9 344246 | |
| 650 | 0 | |a República |9 310048 | |
| 650 | 7 | |a FUENTES |2 CL-VaPUC |9 255666 | |
| 651 | 7 | |a REPUBLICA DOMINICANA |2 CL-VaPUC |9 257737 | |
| 583 | |a last modification |c 20171221 02:14:01 |k Rodrigo Vera | ||
| 490 | 0 | |a Colección Textos Universitarios, 1 | |
| 999 | |c 287800 |d 287798 | ||
| 952 | |0 0 |1 0 |4 0 |6 972_930000000000000_PER_1973 |7 0 |8 A |9 334846 |a BIBHIS |b BIBHIS |d 2019-11-20 |i 1274449 |o 972.93 PER 1973 |p 1274449 |r 2025-01-20 |w 2019-11-20 |y BK |k HIS | ||